Guatemala 82 /

Đã lưu trong:
Chi tiết về thư mục
Tác giả chính: Molina, Julio
Định dạng: Texto
Ngôn ngữ:Spanish
Được phát hành: San José, Costa Rica: Nueva Década, 1982
Các nhãn: Thêm thẻ
Không có thẻ, Là người đầu tiên thẻ bản ghi này!

MARC

LEADER 00000 a a2200000 04500
001 22725
003 cru CIDCACS/IIS
005 20240821162821.0
008 240816b1982 gt ||||| |||| 00| 0 spa d
020 |a [Sin ISBN] 
040 |a cru CIDCACS/IIS  |b spa  |c cru CIDCACS/IIS 
090 |a 01.02.07 M722g 
100 |a Molina, Julio  
245 |a Guatemala 82 /  |c Julio Molina Barillas  |h [impreso] 
260 |a San José, Costa Rica:   |b Nueva Década,   |c 1982 
300 |a 612 páginas 
942 |2 z  |c LI  |i 02629  |k 01.02.07  |m M722g  |6 02629 
999 |c 4114  |d 4114